Main currents of Marxism : (Record no. 52544)
[ view plain ]
| 000 -LEADER | |
|---|---|
| campo de control de longitud fija | 01069cam a2200289 4500 |
| 001 - NÚMERO DE CONTROL | |
| campo de control | 27448 |
| 005 - FECHA Y HORA DE LA ÚLTIMA TRANSACCIÓN | |
| campo de control | 20230410120824.0 |
| 008 - DATOS DE LONGITUD FIJA--INFORMACIÓN GENERAL | |
| campo de control de longitud fija | 060907n2005 nyu eng |
| 020 ## - NÚMERO INTERNACIONAL ESTÁNDAR DEL LIBRO | |
| Número Internacional Estándar del Libro | 0393060543 (hardcover) |
| 035 ## - NÚMERO DE CONTROL DEL SISTEMA | |
| -- | funglode27653 |
| 041 1# - CÓDIGO DE IDIOMA | |
| Código de lengua del texto/banda sonora o título independiente | eng |
| Código de lengua original | pol |
| 050 14 - SIGNATURA TOPOGRÁFICA DE LA BIBLIOTECA DEL CONGRESO | |
| Número de clasificación | HX 36 |
| Número de ítem | K81m 2005 |
| 082 00 - NÚMERO DE LA CLASIFICACIÓN DECIMAL DEWEY | |
| Número de clasificación | 335.4/09 |
| 100 1# - ENTRADA PRINCIPAL--NOMBRE DE PERSONA | |
| Nombre de persona | Kolakowski, Leszek, |
| Fechas asociadas al nombre | 1927-2009 |
| 245 10 - MENCIÓN DEL TÍTULO | |
| Título | Main currents of Marxism : |
| Resto del título | the founders, the golden age, the breakdown / |
| Mención de responsabilidad, etc. | Leszek Kołakowski ; translated from the Polish by P.S. Falla. |
| 260 ## - PUBLICACIÓN, DISTRIBUCIÓN, ETC. | |
| Lugar de publicación, distribución, etc. | New York : |
| Nombre del editor, distribuidor, etc. | W.W. Norton & Company, |
| Fecha de publicación, distribución, etc. | 2005 |
| 300 ## - DESCRIPCIÓN FÍSICA | |
| Extensión | xxiv, 1284 p. ; |
| Dimensiones | 25 cm |
| 500 ## - NOTA GENERAL | |
| Nota general | Originally published: Oxford : Clarendon Press, 1978. |
| 500 ## - NOTA GENERAL | |
| Nota general | The classic text, now in one volume. |
| 650 #0 - PUNTO DE ACCESO ADICIONAL DE MATERIA--TÉRMINO DE MATERIA | |
| Término de materia o nombre geográfico como elemento de entrada | Socialism |
| Subdivisión geográfica | Europe |
| Subdivisión general | History. |
| 650 #0 - PUNTO DE ACCESO ADICIONAL DE MATERIA--TÉRMINO DE MATERIA | |
| Término de materia o nombre geográfico como elemento de entrada | Communism |
| Subdivisión geográfica | Europe |
| Subdivisión general | History. |
| 600 10 - PUNTO DE ACCESO ADICIONAL DE MATERIA--NOMBRE DE PERSONA | |
| Nombre de persona | Marx, Karl, |
| Fechas asociadas al nombre | 1818-1883. |
| 600 10 - PUNTO DE ACCESO ADICIONAL DE MATERIA--NOMBRE DE PERSONA | |
| Nombre de persona | Engels, Friedrich, |
| Fechas asociadas al nombre | 1820-1895. |
| 700 1# - ENTRADA AGREGADA--NOMBRE PERSONAL | |
| Nombre de persona | Falla, P. S. |
| Forma completa/desarrollada del nombre | (Paul Stephen), |
| Fechas asociadas al nombre | 1913- |
| 856 41 - LOCALIZACIÓN Y ACCESO ELECTRÓNICOS | |
| Materiales especificados | Table of contents |
| Identificador Uniforme de Recursos | <a href="http://www.loc.gov/catdir/toc/ecip0516/2005020823.html">http://www.loc.gov/catdir/toc/ecip0516/2005020823.html</a> |
| 942 ## - ELEMENTOS DE ENTRADA SECUNDARIOS (KOHA) | |
| Fuente del sistema de clasificación o colocación | Clasificación de Library of Congress |
| Tipo de ítem Koha | |
| Estatus retirado | Estado de pérdida | Fuente del sistema de clasificación o colocación | Estado de daño | No para préstamo | Colección | Biblioteca de origen | Biblioteca actual | Ubicación en estantería | Fecha de adquisición | Serial enumeration / chronology | Signatura topográfica completa | Código de barras | Visto por última vez | Copia número | Tipo de ítem Koha |
|---|---|---|---|---|---|---|---|---|---|---|---|---|---|---|---|
| Clasificación de Library of Congress | Ciencias Sociales | Biblioteca Juan Bosch | Biblioteca Juan Bosch | Ciencias Sociales (3er. Piso) | 24/10/2018 | 1 | HX 36 K81m 2005 | 00000028580 | 24/10/2018 | 1 |
